| 000 | 00408nam a22001217a 4500 | ||
|---|---|---|---|
| 082 | _a220 PRO | ||
| 100 |
_aMuhammad Bin Aamir (199962) Usman Zahid (178420) Talhah Waqar _973102 |
||
| 245 | _aPR-SOF-1946-Design and Fabrication of Non-Pneumatic Tyres | ||
| 260 |
_aISLAMABAD _bNUST COLLEGE OF EME _c220 |
||
| 650 | _aDE-COMP-38 | ||
| 700 |
_aProject Supervisor Dr. Lt Col. Gul Hasan Naqvi _973103 |
||
| 942 | _cCR | ||
| 999 |
_c578968 _d578968 |
||